[Event "AUTO-ELITE-2596"]
[Site "http://www.queenalice.com/game.php?id=1870001"]
[Date "2026.2.28"]
[Round "2"]
[White "trompmaster"]
[Black "gizmokaka"]
[Result "0-1"]
[WhiteElo "2509"]
[BlackElo "2863"]

1. Nf3 Nf6 2. c4 e6 3. g3 d5 4. Bg2 d4 5. O-O c5 6. e3 Nc6 7. exd4 cxd4 8. d3
Bd6 9. a3 a5 10. Bg5 h6 11. Bxf6 Qxf6 12. Nbd2 Qe7 13. Nh4 O-O 14. Ne4 Bc7 15.
f4 Kh7 16. Qe2 Ra6 17. Rae1 g6 18. Nd2 f5 19. Bd5 a4 20. Ndf3 Rg8 21. Bxc6 bxc6
22. Ng2 c5 23. Ne5 Bb7 24. h4 Rg7 25. Rf2 Rb6 26. Kf1 Kg8 27. Kg1 Rb3 28. Nf3
Qf7 29. Kf1 Qe8 30. Qd1 g5 31. hxg5 Qh5 32. Qe2 Rb6 33. Nfh4 Qxe2+ 34. Rexe2
hxg5 35. Nf3 Rh7 36. Kg1 Bxf3 37. Rxf3 g4 38. Rf1 Rh3 39. Kf2 Rb3 40. Rxe6 Rxb2+
41. Kg1 Rxg3 42. Rf2 Rb1+ 43. Rf1 Rxf1+ 44. Kxf1 Rxd3 45. Rc6 Rf3+ 46. Kg1 Bxf4
47. Nxf4 Rxf4 48. Rxc5 d3 49. Kh1 Rd4 50. Rc8+ Kf7 51. Rc7+ Kf6 52. Rb7 d2 53.
Rb6+ Kg5 0-1

[Event "AUTO-ELITE-2614"]
[Site "http://www.queenalice.com/game.php?id=1870547"]
[Date "2026.3.13"]
[Round "1"]
[White "raulzampronha"]
[Black "trompmaster"]
[Result "0-1"]
[WhiteElo "2251"]
[BlackElo "2472"]

1. e4 d6 2. d4 Nf6 3. Nc3 Nbd7 4. f4 e5 5. Nf3 exd4 6. Qxd4 c6 7. Be3 d5 8. exd5
Bc5 9. Qd3 Qe7 10. Nd4 Nb6 11. dxc6 bxc6 12. O-O-O Ba6 13. Qd2 Bxf1 14. Bf2 O-O
15. Rhxf1 Qc7 16. Qd3 Qxf4+ 17. Be3 Qd6 18. Nf5 Qxd3 19. Rxd3 Bxe3+ 20. Rxe3
Rfe8 21. Rxe8+ Rxe8 22. h3 Nc4 23. b3 Ne3 24. Nxe3 Rxe3 25. Kd2 Rg3 26. Rf2 Kf8
27. Re2 h5 28. Nd1 Nd5 29. Rf2 g5 30. c4 Nf4 31. Ne3 h4 32. b4 Ke8 33. a4 Kd8
0-1